Inspiring a stewardship's persona : how to impact and influence others with your charisma

Bibliographic Details
Other Authors: Wan Farah Wani Wan Fakhruddin , 1983- (Editor), Riswadi Azmi , 1980- (Editor), Rosalam Che Me , 1987- (Editor)
Format: Book
Language:Malay
Published: Melaka, Malaysia : UTeM Press c2021
Series:Coached by the pros series
Subjects:

MARC

LEADER 00000cam a2200000 7i4500
001 0000101521
005 20240313093000.0
008 220914s2021 my may
020 |a 9789672454670 
040 |a UniSZA   |e rda 
050 0 0 |a HD57.7   |b .I57 2021 
090 0 0 |a HD57.7   |b .I57 2021 
245 0 0 |a Inspiring a stewardship's persona :   |b how to impact and influence others with your charisma   |c edited by Riswadi Azmi, Wan Farah Wani Wan Fakhruddin, Rosalam Che Me 
264 1 |a Melaka, Malaysia :   |b UTeM Press   |c c2021 
300 |a xvii, 216 pages :   |b color illustrations ;   |c 26 cm. 
336 |a text   |2 rdacontent 
337 |a unmediated   |2 rdamedia 
338 |a volume   |2 rdacarrier 
490 1 |a Coached by the pros series 
505 0 |a 1. Compassionate leadership: embrace growth mindset -- 2. Tuan Haji Ali Hassan - The entrepreneur from multiple perspectives of leadership -- 3. People - people - people -- 4. Road to leadership: a wake-up call -- 5. Visions of a technopreneur -- 6. Passionate leadership -- 7. Ego free leadership: emphasising people -- 8. Confident leadership helps teams thrive -- 9. Becoming an optimistic leader: turning vision into reality -- 10. Championing people matters -- 11. An unpremediated journey worth taking -- 12. The captivating leadership criteria 
650 0 |a Leadership 
650 0 |a Career development 
650 0 |a Businesspeople 
650 0 |a Successful people 
650 0 |a Government publications   |z Malaysia 
700 0 |a Wan Farah Wani Wan Fakhruddin ,   |d 1983- ,   |e editor 
700 0 |a Riswadi Azmi ,   |d 1980- ,   |e editor 
700 0 |a Rosalam Che Me ,   |d 1987- ,   |e editor 
999 |a 1000184520   |b Book   |c OPEN SHELF (30 DAYS)   |e Gong Badak Campus